Coventry's medieval suburbs : excavations at Hill Street, Upper Well Street and Far Gosford Street 2003-2007 /

Reports the results of 2003-2007 excavations at Hill Street, Upper Well Street and Far Gosford Street, three suburban streets which stood directly outside the city gates of Coventry for much of the medieval period.

محفوظ في:

المؤلفون الرئيسيون: Mason, Paul (مؤلف), McAree, Danny (مؤلف), Soden, Iain (مؤلف), Armitage, Philip L. (مؤلف)

مؤلفون آخرون: Bassir, Amir (المصور)

التنسيق: كتاب الكتروني

اللغة: English

منشور في: Oxford : Archaeopress Publishing Ltd, [2017]

سلاسل: Archaeopress archaeology.

الموضوعات:

الوصول للمادة أونلاين: Login to view Source

الوسوم: إضافة وسم

لا توجد وسوم, كن أول من يضع وسما على هذه التسجيلة!

رقم الطلب: DA690.C75

LEADER 02207nam a2200481 i 4500
001 EDZ0001703081
003 StDuBDS
005 20230412181932.0
006 m|||||o||d||||||||
007 cr |||||||||||
008 170404t20172017enka fob 000|0|eng|d
020 |a 9781784915636 (ebook) :  |c No price 
040 |a StDuBDS  |b eng  |c StDuBDS  |e rda  |e pn 
050 4 |a DA690.C75 
082 0 4 |a 942.49800909  |2 23 
100 1 |a Mason, Paul,  |e author. 
245 1 0 |a Coventry's medieval suburbs :  |b excavations at Hill Street, Upper Well Street and Far Gosford Street 2003-2007 /  |c Paul Mason, Danny McAree, Iain Soden ; with contributions by Philip L. Armitage [and twelve others] ; illustrations by Amir Bassir [and five others]. 
264 1 |a Oxford :  |b Archaeopress Publishing Ltd,  |c [2017] 
264 4 |c ©2017 
300 |a 1 online resource :  |b illustrations (black and white, and colour). 
336 |a text  |2 rdacontent 
336 |a still image  |2 rdacontent 
337 |a computer  |2 rdamedia 
338 |a online resource  |2 rdacarrier 
490 1 |a Archaeopress archaeology 
500 |a Previously issued in print: 2017. 
504 |a Includes bibliographical references. 
520 8 |a Reports the results of 2003-2007 excavations at Hill Street, Upper Well Street and Far Gosford Street, three suburban streets which stood directly outside the city gates of Coventry for much of the medieval period. 
521 |a Specialized. 
588 |a Description based on online resource; title from home page (viewed on June 27 2017). 
650 0 |a Excavations (Archaeology)  |z England  |z Coventry. 
651 0 |a Coventry (England)  |x History  |y To 1500. 
651 0 |a Coventry (England)  |x Antiquities. 
700 1 |a McAree, Danny,  |e author. 
700 1 |a Soden, Iain,  |e author. 
700 1 |a Armitage, Philip L.,  |e author. 
700 1 |a Bassir, Amir,  |e illustrator. 
776 0 8 |i Print version :  |z 9781784915629 
830 0 |a Archaeopress archaeology. 
856 4 0 |3 Archaeopress  |u http://library.arce.org:8087/Archaeopress/Products/9781784915629 
942 |2 lcc  |c EBOOK 
952 |0 0  |1 0  |4 0  |6 DA0690 C75  |7 1  |9 46254  |a ARCH  |b ARCH  |d 2023-04-12  |l 0  |o DA690.C75  |r 2023-04-12 00:00:00  |w 2023-04-12  |y EBOOK 
999 |c 51912  |d 51912